000 00846cam a2200253 a 4500
001 15739951
003 ARRUPE
005 20150106020005.0
008 090515s2010 enk b 001 0 eng
010 _a 2009928797
040 _aDLC
_cDLC
_dDLC
050 0 0 _aLB17
_b.S114 2010
082 0 0 _a370.1
_222
245 0 4 _aThe SAGE handbook of philosophy of education /
_cedited by Richard Bailey...[et al.].
246 3 0 _aPhilosophy of education
260 _aLondon ;
_aThousand Oaks, CA :
_bSAGE Publication,
_c2010
300 _axx, 550 p. ;
_c26 cm.
504 _aIncludes bibliographical references and index.
650 0 _aEducation
_xPhilosophy.
_99864
700 1 _aBailey, Richard,
_d1966-
_99865
906 _a7
_bcbc
_corignew
_d2
_eepcn
_f20
_gy-gencatlg
942 _2lcc
_cMONOGRAPH
_03
999 _c120406
_d120406